[Event "Sparkassen-Open A"]
[Site "Heusenstamm, Martinsee"]
[Date "2024.11.24"]
[Round "7.1"]
[White "Grigoryan, Karen H."]
[Black "Sivuk, Vitaly"]
[Result "1/2-1/2"]
[WhiteElo "2603"]
[BlackElo "2502"]
[PlyCount "21"]
[EventDate "2024.11.21"]
[WhiteTeam "Yerevan"]
[BlackTeam "Sfr. Wolfhagen e. V."]

1. e4 e5 2. Nf3 Nc6 3. Nc3 Nf6 4. Bb5 Nd4 5. Nxd4 exd4 6. e5 dxc3 7. exf6 Qxf6 8. dxc3 Qe5+ 9. Qe2 Qxe2+ 10. Kxe2 Bc5 11. Be3 1/2-1/2

[Event "Sparkassen-Open A"]
[Site "Heusenstamm, Martinsee"]
[Date "2024.11.24"]
[Round "7.2"]
[White "Krastev, Alexander"]
[Black "Bagrationi, Alexander"]
[Result "1/2-1/2"]
[WhiteElo "2425"]
[BlackElo "2391"]
[PlyCount "79"]
[EventDate "2024.11.21"]
[WhiteTeam "Schachgesellschaft Solingen e. V"]
[BlackTeam "SV Hemer 1932 e. V."]

1. e4 c5 2. Nf3 Nc6 3. Bb5 g6 4. Bxc6 bxc6 5. O-O Nf6 6. e5 Nd5 7. c4 Nc7 8. Nc3 Bg7 9. Re1 O-O 10. d4 cxd4 11. Qxd4 d6 12. Qh4 Ne6 13. Ng5 Nxg5 14. Bxg5 f6 15. exf6 exf6 16. Bh6 g5 17. Qh5 Bf5 18. Bxg7 Kxg7 19. Qd1 Qd7 20. Qd4 Rae8 21. h3 Re5 22. Rad1 Rf7 23. Rxe5 dxe5 24. Qc5 Qb7 25. b4 Qb6 26. Qxb6 axb6 27. Rd6 Rc7 28. g4 Bg6 29. f3 Kf7 30. Kf2 Ke7 31. c5 bxc5 32. bxc5 h5 33. gxh5 Bxh5 34. Ne4 Ra7 35. Rxf6 Rxa2+ 36. Kg3 Ra3 37. Rf5 Ke6 38. Rf6+ Ke7 39. Rf5 Ke6 40. Rf6+ 1/2-1/2

[Event "Sparkassen-Open A"]
[Site "Heusenstamm, Martinsee"]
[Date "2024.11.24"]
[Round "7.3"]
[White "Stork, Oliver"]
[Black "Peng, Li Min"]
[Result "0-1"]
[WhiteElo "2366"]
[BlackElo "2516"]
[PlyCount "76"]
[EventDate "2024.11.21"]
[WhiteTeam "Klub Kölner Schachfreunde e. V."]
[BlackTeam "Sfr. Wolfhagen e. V."]

1. c4 Nf6 2. Nf3 e6 3. g3 d5 4. Bg2 Be7 5. O-O O-O 6. b3 b6 7. Bb2 Bb7 8. cxd5 Nxd5 9. d4 Nd7 10. e4 N5f6 11. e5 Nd5 12. Nbd2 a5 13. a4 Nb4 14. Qe2 c5 15. Rfd1 Qc7 16. Rac1 Rad8 17. Ne4 Qb8 18. dxc5 Bxe4 19. Qxe4 Nxc5 20. Qe3 Ncd3 21. Rb1 Bc5 22. Bd4 Bxd4 23. Nxd4 Qxe5 24. Qxe5 Nxe5 25. Nb5 Ned3 26. Bf1 Nc5 27. Bc4 g6 28. Kf1 Kg7 29. Ke2 Kf6 30. h4 h6 31. Ke3 Ke7 32. Be2 Rxd1 33. Bxd1 Rd8 34. Rc1 f5 35. Ke2 Kf6 36. Rc3 Ne4 37. Re3 Rd2+ 38. Ke1 Nd3+ 0-1

[Event "Sparkassen-Open A"]
[Site "Heusenstamm, Martinsee"]
[Date "2024.11.24"]
[Round "7.4"]
[White "Köllner, Ruben Gideon"]
[Black "Haack, Kevin"]
[Result "1/2-1/2"]
[WhiteElo "2484"]
[BlackElo "2304"]
[PlyCount "79"]
[EventDate "2024.11.21"]
[WhiteTeam "SF Deizisau"]
[BlackTeam "SV 1920 Hofheim"]

1. d4 Nf6 2. Bg5 d5 3. Nd2 e6 4. e3 c5 5. c3 Be7 6. Bd3 Nbd7 7. f4 O-O 8. Ngf3 b6 9. Bxf6 Nxf6 10. Ne5 Bb7 11. Qf3 Rc8 12. O-O Rc7 13. Rad1 Qa8 14. f5 exf5 15. Qxf5 Bc8 16. Qf4 Bd8 17. g4 Be6 18. Qf3 Qc8 19. h3 a5 20. Qg3 Nd7 21. Ndf3 Nxe5 22. dxe5 a4 23. a3 b5 24. Qf4 Rb7 25. Bf5 g6 26. Bb1 Be7 27. Ba2 Rd8 28. Ng5 Bxg5 29. Qxg5 b4 30. cxb4 cxb4 31. Rf2 b3 32. Bb1 Rc7 33. Kg2 Rdd7 34. Bd3 d4 35. exd4 Qb7+ 36. Kg3 Qb6 37. Be4 Rxd4 38. Rxd4 Qxd4 39. Rd2 Qxe4 40. Rd8+ 1/2-1/2

[Event "Sparkassen-Open A"]
[Site "Heusenstamm, Martinsee"]
[Date "2024.11.24"]
[Round "7.6"]
[White "Eilers, Stefan"]
[Black "Nothnagel, Marian Can"]
[Result "0-1"]
[WhiteElo "2275"]
[BlackElo "2416"]
[PlyCount "125"]
[EventDate "2024.11.21"]
[WhiteTeam "SAbt SG 1945 Dietzenbach"]
[BlackTeam "SK Bickenbach"]

1. d4 Nf6 2. Nf3 g6 3. c3 Bg7 4. Bf4 O-O 5. e3 d6 6. h3 Nbd7 7. Be2 b6 8. O-O Bb7 9. a4 a5 10. Bh2 Re8 11. Bb5 e5 12. Nbd2 Ra7 13. Qb3 Qe7 14. Rfd1 e4 15. Ne1 Nh5 16. Nc2 Kh8 17. Na3 Raa8 18. Be2 Bh6 19. Nb5 Rac8 20. Na7 Rcd8 21. Qb5 Ra8 22. Nc6 Qf6 23. Ne5 Nf8 24. Ng4 Qg7 25. Nxh6 Qxh6 26. Bf1 f5 27. d5 Nf6 28. Qc4 Qg7 29. Nb3 Qf7 30. Qd4 Bxd5 31. c4 Be6 32. Qc3 N8d7 33. Nd4 Nc5 34. Nb5 Re7 35. b3 Kg8 36. Rd2 Ne8 37. Rad1 Qg7 38. Qc2 Na6 39. Rd4 Qf6 40. Qc1 Nc5 41. Qc2 Qg7 42. Be2 h6 43. Nc3 Nf6 44. Rb1 Na6 45. Bd1 Nb4 46. Qc1 Nd7 47. Be2 Nc5 48. Nb5 Rf7 49. Rd2 Rd8 50. Qc3 Qxc3 51. Nxc3 Rfd7 52. Nb5 Kg7 53. Kf1 Kf6 54. f3 exf3 55. gxf3 g5 56. Kg2 Bf7 57. Bg3 Bg6 58. Rbb2 Re8 59. Kf2 Kg7 60. Bh2 Rde7 61. Rd4 Nba6 62. e4 fxe4 63. f4 0-1

[Event "Sparkassen-Open A"]
[Site "Heusenstamm, Martinsee"]
[Date "2024.11.24"]
[Round "7.7"]
[White "Milov, Leonid"]
[Black "Zargaran, Sepas"]
[Result "1-0"]
[WhiteElo "2427"]
[BlackElo "1777"]
[PlyCount "43"]
[EventDate "2024.11.21"]
[WhiteTeam "SC Noris-Tarrasch Nürnberg 1873"]
[BlackTeam "VSG 1880 Offenbach"]

1. e4 c5 2. Nf3 Nc6 3. d4 cxd4 4. Nxd4 g6 5. c4 Nf6 6. Nc3 Nxd4 7. Qxd4 d6 8. Bg5 Bg7 9. Be2 O-O 10. Qd2 a5 11. Rd1 Be6 12. b3 Rc8 13. f3 Nd7 14. O-O Nb6 15. f4 a4 16. Qe3 axb3 17. axb3 Na8 18. e5 Re8 19. exd6 Qb6 20. Qxb6 Nxb6 21. Nb5 Bd7 22. Nc7 1-0

[Event "Sparkassen-Open A"]
[Site "Heusenstamm, Martinsee"]
[Date "2024.11.24"]
[Round "7.8"]
[White "Ohler, Julius"]
[Black "Dgebuadze, Alexandre"]
[Result "1/2-1/2"]
[WhiteElo "2231"]
[BlackElo "2408"]
[PlyCount "116"]
[EventDate "2024.11.21"]
[WhiteTeam "SC ML Kastellaun"]
[BlackTeam "SC Remagen-Sinzig e.V."]

1. c4 e6 2. g3 d5 3. Bg2 c6 4. Nf3 dxc4 5. Qc2 b5 6. O-O Nf6 7. Ne1 h5 8. d3 h4 9. dxc4 hxg3 10. hxg3 b4 11. Bf4 Qa5 12. c5 Nd5 13. Bxb8 Rxb8 14. Nd3 Ba6 15. Nd2 Bxd3 16. exd3 Qxc5 17. Qxc5 Bxc5 18. Rac1 Bd4 19. Rxc6 O-O 20. Nc4 b3 21. axb3 Rxb3 22. Rd1 Rd8 23. Ra6 Nb6 24. Rd2 Rd7 25. Bc6 Rc7 26. Ba4 Nxa4 27. Rxa4 Rd7 28. Kf1 g5 29. Ke2 Rb5 30. Ra5 Rbd5 31. Ra4 Kg7 32. Ne3 Rb5 33. Nc4 g4 34. Ra5 Rdd5 35. Rxb5 Rxb5 36. Rd1 f5 37. Ra1 e5 38. f3 gxf3+ 39. Kxf3 Rb3 40. Ra3 Rb4 41. Ne3 Kg6 42. Nc2 Bxb2 43. Rxa7 Rb3 44. Ke2 Bc1 45. Rc7 Rb2 46. Kf3 Rb3 47. Ke2 Bg5 48. Rc4 Kh5 49. Rc5 e4 50. dxe4 fxe4 51. Rc4 Rb2 52. Kd1 e3 53. Ke2 Kg6 54. Kd3 Rb3+ 55. Rc3 Rxc3+ 56. Kxc3 Kf5 57. Nxe3+ Bxe3 58. g4+ Kxg4 1/2-1/2

[Event "Sparkassen-Open A"]
[Site "Heusenstamm, Martinsee"]
[Date "2024.11.24"]
[Round "7.10"]
[White "Boder, Jan"]
[Black "Glöckler, Christian"]
[Result "1/2-1/2"]
[WhiteElo "2338"]
[BlackElo "2266"]
[PlyCount "95"]
[EventDate "2024.11.21"]
[WhiteTeam "SC ML Kastellaun"]
[BlackTeam "Wiesbadener SV 1885"]

1. c4 c5 2. g3 Nf6 3. Bg2 d5 4. cxd5 Nxd5 5. Nc3 Nc7 6. a3 Nc6 7. b4 cxb4 8. axb4 Nxb4 9. Qa4+ Nc6 10. Bxc6+ bxc6 11. Qxc6+ Bd7 12. Qe4 e6 13. Nf3 Be7 14. O-O O-O 15. Ne5 Nb5 16. Bb2 Nxc3 17. Bxc3 Bb5 18. Rfb1 Qe8 19. Ng4 a6 20. Qe5 f6 21. Qxe6+ Qf7 22. Qxf7+ Kxf7 23. Kf1 Rac8 24. Ne3 Rfe8 25. Bb4 Bxb4 26. Rxb4 Red8 27. Ke1 Rc5 28. d3 h5 29. Kd2 g5 30. Nc2 Ra8 31. Nd4 Be8 32. Rb7+ Kg8 33. Ne6 Rcc8 34. Rab1 Bc6 35. Rg7+ Kh8 36. Re7 a5 37. Nd4 Bd5 38. e4 Bg8 39. Rb6 Rf8 40. e5 a4 41. Rxf6 Rxf6 42. exf6 Ba2 43. Ke3 Ra6 44. Re5 a3 45. Nc2 Bf7 46. Nd4 Ba2 47. Nc2 Bf7 48. Nxa3 1/2-1/2

[Event "Sparkassen-Open A"]
[Site "Heusenstamm, Martinsee"]
[Date "2024.11.24"]
[Round "7.11"]
[White "Mostertman, Milan"]
[Black "Tschernatsch, Johannes"]
[Result "1-0"]
[WhiteElo "2204"]
[BlackElo "2329"]
[PlyCount "91"]
[EventDate "2024.11.21"]
[WhiteTeam "Groninger Combinatie"]
[BlackTeam "SV Babelsberg 03 e.V."]

1. e4 c5 2. Nf3 d6 3. d4 cxd4 4. Nxd4 Nf6 5. Nc3 a6 6. Be3 e5 7. Nf3 Be7 8. Bc4 O-O 9. Bd5 Nc6 10. h3 Bd7 11. a4 Qc7 12. O-O Nb4 13. a5 Nbxd5 14. exd5 g6 15. Re1 Rac8 16. Qd2 Nh5 17. Bb6 Qb8 18. g4 Nf4 19. Kh2 Rc4 20. b3 Rxc3 21. Qxc3 Nxd5 22. Qd2 Nxb6 23. axb6 f5 24. Nxe5 dxe5 25. Qxd7 e4+ 26. Kg1 Rf7 27. Rad1 Bh4 28. Qd6 Qc8 29. Rd2 Bg5 30. Rde2 Qc3 31. Qg3 e3 32. fxe3 f4 33. Qf3 fxe3 34. Qd5 Bh4 35. Rf1 Bf2+ 36. Kg2 Kg7 37. Rd1 Qc8 38. c4 Qb8 39. Qd4+ Kh6 40. g5+ Kxg5 41. Qd8+ Qxd8 42. Rxd8 Kf4 43. c5 Rf5 44. Rxf2+ exf2 45. c6 Ke3 46. Re8+ 1-0

[Event "Sparkassen-Open A"]
[Site "Heusenstamm, Martinsee"]
[Date "2024.11.24"]
[Round "7.12"]
[White "Hirneise, Jens"]
[Black "Engel, Bruno"]
[Result "1-0"]
[WhiteElo "2315"]
[BlackElo "2242"]
[PlyCount "81"]
[EventDate "2024.11.21"]
[WhiteTeam "SC Böblingen 1975 e.V."]
[BlackTeam "Lübecker SV von 1873"]

1. e4 c5 2. Nc3 a6 3. Nf3 d6 4. d4 cxd4 5. Nxd4 Nf6 6. Rg1 g6 7. g4 Nc6 8. g5 Nh5 9. Nxc6 bxc6 10. Be2 Bg7 11. Bxh5 gxh5 12. Ne2 Rb8 13. c3 Qb6 14. Rg3 O-O 15. Nf4 Bg4 16. f3 e5 17. Nd3 Be6 18. Qe2 d5 19. Be3 d4 20. cxd4 exd4 21. Bf4 Rbc8 22. Bd6 Rfd8 23. Bc5 Qb5 24. b3 a5 25. Kf2 a4 26. b4 Bc4 27. f4 Re8 28. Re1 Bd5 29. Qxh5 Bxe4 30. Rxe4 Rxe4 31. Rh3 h6 32. gxh6 Qc4 33. Qg4 Qxa2+ 34. Kf1 Qb1+ 35. Kg2 Re2+ 36. Qxe2 a3 37. hxg7 a2 38. Rh8+ Kxg7 39. Qg4+ Kxh8 40. Bxd4+ Kh7 41. Qg7# 1-0

[Event "Sparkassen-Open A"]
[Site "Heusenstamm, Martinsee"]
[Date "2024.11.24"]
[Round "7.13"]
[White "Baranyai-Molnar, Adam-Kristof"]
[Black "Marcziter, Dmitrii"]
[Result "1/2-1/2"]
[WhiteElo "2238"]
[BlackElo "2187"]
[PlyCount "120"]
[EventDate "2024.11.21"]
[WhiteTeam "SF Neuberg"]
[BlackTeam "Schachgemeinschaft Porz e. V."]

1. f4 d5 2. Nf3 g6 3. g3 Bg7 4. Bg2 c5 5. d3 Nf6 6. O-O Nc6 7. c3 O-O 8. a4 b6 9. e4 dxe4 10. dxe4 e5 11. Qe2 Re8 12. fxe5 Ng4 13. Bg5 Qc7 14. Na3 a6 15. Nc4 Ngxe5 16. Ne3 Nxf3+ 17. Qxf3 Ne5 18. Qf4 Be6 19. Nd5 Bxd5 20. exd5 Qd6 21. Bf6 Bxf6 22. Qxf6 Rad8 23. b3 Re7 24. c4 Ng4 25. Qxd6 Rxd6 26. Rfe1 Rxe1+ 27. Rxe1 a5 28. Re8+ Kg7 29. Bh3 Nf6 30. Re7 Kf8 31. Rb7 Ne4 32. Bd7 Nd2 33. Bc6 Nxb3 34. Rxb6 Nd2 35. Rb5 Nxc4 36. Rxc5 Ne5 37. Bb5 Ke7 38. Be2 Rb6 39. Rxa5 Rb2 40. Kf1 Kd6 41. Rb5 Ra2 42. a5 h5 43. h3 f5 44. Ke1 h4 45. gxh4 f4 46. Bg4 Nc4 47. h5 gxh5 48. Bxh5 Rxa5 49. Rxa5 Nxa5 50. Bf7 Nc4 51. Ke2 Nb6 52. h4 Nxd5 53. h5 Nf6 54. h6 Ke5 55. Bg6 Ke6 56. Kf3 Ke7 57. Kxf4 Kf8 58. Kf5 Ng8 59. h7 Kg7 60. hxg8=B Kxg8 1/2-1/2

[Event "Sparkassen-Open A"]
[Site "Heusenstamm, Martinsee"]
[Date "2024.11.24"]
[Round "7.14"]
[White "Böddeker, Henry"]
[Black "Smith, Bryan"]
[Result "0-1"]
[WhiteElo "2059"]
[BlackElo "2399"]
[PlyCount "76"]
[EventDate "2024.11.21"]
[WhiteTeam "SF Berlin 1903 e.V."]
[BlackTeam "TSV Poing"]

1. e4 c5 2. d4 cxd4 3. Qxd4 Nc6 4. Qd3 e6 5. Nc3 a6 6. Qg3 b5 7. Bg5 Qa5 8. Nf3 b4 9. Nb1 b3+ 10. Nbd2 h6 11. Be3 Nb4 12. Bd3 bxc2 13. Be2 Nxa2 14. O-O c1=Q 15. Rfxc1 Nxc1 16. Rxc1 Bb7 17. Nc4 Qd8 18. Bb6 Qf6 19. Bd4 Qg6 20. Nd6+ Bxd6 21. Qxd6 e5 22. Qxe5+ Ne7 23. Bd3 Qe6 24. Qg3 Rc8 25. Rxc8+ Bxc8 26. Bxg7 Rg8 27. Nh4 d6 28. h3 f6 29. Nf5 Nxf5 30. exf5 Qe7 31. Qg6+ Kd7 32. Bxf6 Qe1+ 33. Kh2 Rxg6 34. fxg6 Bb7 35. Bf5+ Kc7 36. Bd4 Qd2 37. g7 Bd5 38. Bc3 Qf4+ 0-1

[Event "Sparkassen-Open A"]
[Site "Heusenstamm, Martinsee"]
[Date "2024.11.24"]
[Round "7.15"]
[White "Weber, Samuel"]
[Black "Steinle, Carsten"]
[Result "1-0"]
[WhiteElo "2260"]
[BlackElo "2054"]
[PlyCount "57"]
[EventDate "2024.11.21"]
[WhiteTeam "SV Oberursel"]
[BlackTeam "Schachverein Ahlen 1954 e. V."]

1. Nf3 d5 2. g3 Bf5 3. Bg2 Nf6 4. O-O e6 5. d3 h6 6. Nbd2 Bc5 7. b3 O-O 8. Bb2 Bh7 9. Ne5 a5 10. a3 Qe7 11. Ra2 c6 12. Qa1 Na6 13. c4 Bb6 14. b4 Rad8 15. b5 cxb5 16. cxb5 Nc7 17. a4 Bc5 18. Nb3 Bb4 19. Bd4 Na8 20. Rc2 Ne8 21. Rfc1 f6 22. Ng4 Bg6 23. Ne3 Bf7 24. Rc8 Nd6 25. Rxd8 Rxd8 26. Nc2 Nf5 27. Nxb4 Qxb4 28. Bc5 Qg4 29. Bf3 1-0

[Event "Sparkassen-Open A"]
[Site "Heusenstamm, Martinsee"]
[Date "2024.11.24"]
[Round "7.16"]
[White "Longo, Massimo"]
[Black "Hinrichs, Paul"]
[Result "0-1"]
[WhiteElo "2058"]
[BlackElo "2286"]
[PlyCount "44"]
[EventDate "2024.11.21"]
[WhiteTeam "SK Gräfelfing"]
[BlackTeam "Sfr.Heidesheim"]

1. d4 d5 2. Nf3 Nf6 3. e3 c6 4. Nbd2 Bg4 5. h3 Bh5 6. g4 Bg6 7. Ne5 Nfd7 8. Nd3 e6 9. b3 Bd6 10. Bb2 h5 11. Bg2 hxg4 12. hxg4 Rxh1+ 13. Bxh1 Qh4 14. Qf3 Nf6 15. Qg2 Qxg4 16. Qxg4 Nxg4 17. Bf3 Nh6 18. e4 Nd7 19. c4 Nf6 20. cxd5 cxd5 21. e5 Bxd3 22. exd6 Kd7 0-1

[Event "Sparkassen-Open A"]
[Site "Heusenstamm, Martinsee"]
[Date "2024.11.24"]
[Round "7.17"]
[White "Capelja, Christian"]
[Black "Chassard, Cedric"]
[Result "0-1"]
[WhiteElo "2023"]
[BlackElo "2283"]
[PlyCount "54"]
[EventDate "2024.11.21"]
[WhiteTeam "SpVgg Rommelshausen"]
[BlackTeam "SV 1926 Riegelsberg"]

1. d4 Nf6 2. c4 e6 3. Nf3 d5 4. g3 dxc4 5. Bg2 Bd7 6. Ne5 Bc6 7. Nxc6 Nxc6 8. Qa4 Qd7 9. O-O O-O-O 10. Nc3 Nd5 11. Qxc4 h5 12. Nxd5 exd5 13. Qd3 h4 14. gxh4 Kb8 15. Bf4 Rxh4 16. e3 Bd6 17. Bg3 Rh6 18. Rac1 g5 19. a3 Bxg3 20. fxg3 Qe6 21. Rf5 f6 22. Rf2 Rdh8 23. e4 Qd6 24. e5 fxe5 25. dxe5 Nxe5 26. Qxd5 Qxd5 27. Bxd5 Nd3 0-1

[Event "Sparkassen-Open A"]
[Site "Heusenstamm, Martinsee"]
[Date "2024.11.24"]
[Round "7.18"]
[White "Mandalka, Justus"]
[Black "Browning, Alex"]
[Result "0-1"]
[WhiteElo "2039"]
[BlackElo "2253"]
[PlyCount "74"]
[EventDate "2024.11.21"]
[WhiteTeam "SK Bad Homburg 1927"]
[BlackTeam "SG Porz e. V."]

1. e4 c5 2. Nf3 d6 3. d4 cxd4 4. Nxd4 Nf6 5. Nc3 a6 6. h3 e5 7. Nb3 h5 8. Be3 Be7 9. a4 Be6 10. Be2 Nbd7 11. Bf3 Rc8 12. a5 Rc4 13. Nd2 Rc7 14. Nd5 Nxd5 15. exd5 Bf5 16. c4 Bg5 17. O-O Bxe3 18. fxe3 Qg5 19. Qe2 Qg6 20. e4 Bxh3 21. Kf2 Bg4 22. Rh1 Nf6 23. b4 h4 24. Rac1 Bxf3 25. Qxf3 Qg5 26. Rc2 Rh6 27. Rf1 Ng4+ 28. Ke2 Nh2 29. Qh3 Nxf1 30. Nxf1 Rf6 31. Ne3 Rf4 32. Kd3 g6 33. c5 f5 34. exf5 gxf5 35. Nc4 Rd4+ 36. Ke2 Rxd5 37. Qb3 Qxg2+ 0-1

[Event "Sparkassen-Open A"]
[Site "Heusenstamm, Martinsee"]
[Date "2024.11.24"]
[Round "7.19"]
[White "Sydykov, Bayastan"]
[Black "Berkes, Alexander"]
[Result "1/2-1/2"]
[WhiteElo "2251"]
[BlackElo "2036"]
[PlyCount "86"]
[EventDate "2024.11.21"]
[WhiteTeam "SK 1858 Gießen"]
[BlackTeam "SK Langen"]

1. e4 e6 2. d4 d5 3. Nc3 Nf6 4. e5 Nfd7 5. f4 c5 6. Nf3 Nc6 7. Be3 a6 8. Ne2 cxd4 9. Nexd4 Bc5 10. c3 Nxd4 11. cxd4 Bb4+ 12. Kf2 O-O 13. Bd3 f6 14. Rf1 Nb6 15. Kg1 Bd7 16. Qc2 f5 17. h3 Ba4 18. Qe2 Qd7 19. g4 g6 20. Kf2 Bb5 21. Rad1 Rac8 22. g5 Rc7 23. a3 Be7 24. h4 Rfc8 25. Ne1 Bxd3 26. Nxd3 Rc2 27. Rd2 Rxd2 28. Bxd2 Rc2 29. Rc1 Rxc1 30. Bxc1 Qa4 31. h5 Nc4 32. hxg6 hxg6 33. Ke1 Na5 34. Be3 Nc6 35. Qd1 Qc4 36. Nc1 Kf7 37. Qe2 Qxe2+ 38. Kxe2 Ke8 39. Kd3 Na5 40. Bd2 Nc4 41. Bc3 b5 42. Ne2 Kd7 43. Ng1 Ke8 1/2-1/2

[Event "Sparkassen-Open A"]
[Site "Heusenstamm, Martinsee"]
[Date "2024.11.24"]
[Round "7.20"]
[White "Stichter, Constantin Paul"]
[Black "Neukirchner, Pascal"]
[Result "0-1"]
[WhiteElo "1965"]
[BlackElo "2255"]
[PlyCount "70"]
[EventDate "2024.11.21"]
[WhiteTeam "SG Traunstein/Traunreut e.V."]
[BlackTeam "Heilbronner SV"]

1. e4 c5 2. Nf3 d6 3. d3 g6 4. g3 Bg7 5. Bg2 Nc6 6. O-O Nf6 7. Re1 e5 8. c3 O-O 9. Nbd2 h6 10. Nf1 Be6 11. Ne3 Qd7 12. d4 exd4 13. cxd4 Bh3 14. d5 Bxg2 15. Kxg2 Nd4 16. Nxd4 cxd4 17. Nc2 Rfe8 18. f3 Rac8 19. Nxd4 Nxd5 20. Bxh6 Bxh6 21. exd5 Bg7 22. Rxe8+ Qxe8 23. Ne2 Qb5 24. Rc1 Rxc1 25. Nxc1 Qxb2+ 26. Kh3 b5 27. f4 a5 28. Qe1 Qb1 29. Qd2 b4 30. Nb3 a4 31. Na5 Bc3 32. Qe2 Qf5+ 33. g4 Qxd5 34. Qe8+ Kg7 35. Qxa4 Qf3+ 0-1

[Event "Sparkassen-Open A"]
[Site "Heusenstamm, Martinsee"]
[Date "2024.11.24"]
[Round "7.21"]
[White "Klundt, Klaus"]
[Black "Wachsmann, Elmar"]
[Result "1-0"]
[WhiteElo "2252"]
[BlackElo "2011"]
[PlyCount "40"]
[EventDate "2024.11.21"]
[WhiteTeam "SC Heusenstamm"]
[BlackTeam "SC Groß-Umstadt"]

1. e4 e5 2. Nf3 Nc6 3. Bb5 a6 4. Ba4 Nf6 5. O-O Be7 6. Re1 b5 7. Bb3 O-O 8. d4 d6 9. c3 exd4 10. Nxd4 Bd7 11. Nd2 Re8 12. N2f3 h6 13. Bf4 Bf8 14. Nxc6 Bxc6 15. e5 Nh5 16. Bxh6 gxh6 17. Nd4 Rxe5 18. Rxe5 dxe5 19. Qxh5 Bd5 20. Nc6 Qd7 1-0

[Event "Sparkassen-Open A"]
[Site "Heusenstamm, Martinsee"]
[Date "2024.11.24"]
[Round "7.22"]
[White "Lutterbach, Jakob"]
[Black "Poysti, Nathanael"]
[Result "1/2-1/2"]
[WhiteElo "1914"]
[BlackElo "2187"]
[PlyCount "171"]
[EventDate "2024.11.21"]
[WhiteTeam "SK Bingen"]
[BlackTeam "ohne Verein"]

1. c4 c5 2. Nf3 Nc6 3. Nc3 Nf6 4. e3 e5 5. d4 e4 6. Ne5 Qc7 7. Nxc6 dxc6 8. Be2 Bd6 9. Qc2 Qe7 10. h3 h5 11. a3 Bf5 12. dxc5 Bxc5 13. b4 Bd6 14. Bb2 h4 15. c5 Bc7 16. Nb1 Rh6 17. Nd2 Rg6 18. Bf1 Nd5 19. Nc4 Rd8 20. O-O-O Ra8 21. Bd4 b5 22. Nd6+ Bxd6 23. cxd6 Qxd6 24. Bc5 Qd7 25. Kb2 Rd8 26. f3 Re6 27. Qf2 Rh6 28. g4 hxg3 29. Qxg3 f6 30. fxe4 Bxe4 31. Rh2 Kf7 32. Bd3 Re8 33. Bxe4 Rxe4 34. Rg2 Kg8 35. Rdg1 g5 36. Qf3 Qe6 37. Rg3 Kh7 38. Bd4 Reh4 39. Rh1 a6 40. Qg2 Qe4 41. Qf1 Rg6 42. Rhg1 Qe6 43. Qf3 Re4 44. Rg4 Rxg4 45. Rxg4 Rh6 46. Qg3 Ne7 47. h4 Rxh4 48. Rxh4+ gxh4 49. Qxh4+ Kg6 50. Qg3+ Kf7 51. Qh4 Qf5 52. Qh2 Ke6 53. Qh8 Qf3 54. Ka2 Qe2+ 55. Bb2 Qc4+ 56. Ka1 Qf1+ 57. Ka2 Qf3 58. Qf8 Nd5 59. Qe8+ Kf5 60. Bd4 Qe2+ 61. Kb3 Qc4+ 62. Kb2 Qe2+ 63. Kb3 Qd3+ 64. Kb2 Qd2+ 65. Kb3 Qd1+ 66. Kb2 Qe2+ 67. Kb3 Kg4 68. Qxc6 Qd3+ 69. Kb2 Qd2+ 70. Kb3 Qd3+ 71. Kb2 Nxe3 72. Bxe3 Qe2+ 73. Kb1 Qxe3 74. Qxf6 Qxa3 75. Qg6+ Kf4 76. Qd6+ Ke4 77. Qc6+ Kd4 78. Qc5+ Kd3 79. Qc2+ Ke3 80. Qc5+ Ke2 81. Qc2+ Ke1 82. Qe4+ Kf2 83. Qc2+ Kg3 84. Qg6+ Kf4 85. Qd6+ Kf3 86. Qc6+ 1/2-1/2

[Event "Sparkassen-Open A"]
[Site "Heusenstamm, Martinsee"]
[Date "2024.11.24"]
[Round "7.23"]
[White "Rempe, Jonas"]
[Black "de Reuter, Uwe"]
[Result "1-0"]
[WhiteElo "2182"]
[BlackElo "2012"]
[PlyCount "88"]
[EventDate "2024.11.21"]
[WhiteTeam "SK Doppelbauer Kiel von 1910 e.V"]
[BlackTeam "Schachforum Darmstadt 1994"]

1. d4 c6 2. e4 d5 3. e5 Bf5 4. h4 h5 5. Bd3 Bxd3 6. Qxd3 Qa5+ 7. Nd2 e6 8. Ne2 Nh6 9. c3 Nf5 10. Nf3 Qa6 11. Qc2 c5 12. Ng3 g6 13. Nxf5 gxf5 14. Bg5 cxd4 15. Nxd4 Nc6 16. Nxc6 bxc6 17. b3 Bg7 18. O-O-O Bxe5 19. Rhe1 Qa3+ 20. Kb1 Qd6 21. f4 Bxf4 22. Qxf5 Bxg5 23. hxg5 Qe7 24. Qe5 Rg8 25. g6 Rxg6 26. Qh8+ Qf8 27. Qxh5 Qg7 28. Re3 Rg5 29. Qe2 Qg6+ 30. Ka1 a5 31. Rd2 a4 32. b4 a3 33. b5 c5 34. b6 c4 35. Rh3 Ra5 36. b7 Rb5 37. b8=Q+ Rxb8 38. Rh8+ Qg8 39. Rxg8+ Rxg8 40. Rxd5 Ke7 41. Rd1 Rbc8 42. Qe5 Rxg2 43. Qd6+ Kf6 44. Qd4+ Ke7 1-0

[Event "Sparkassen-Open A"]
[Site "Heusenstamm, Martinsee"]
[Date "2024.11.24"]
[Round "7.24"]
[White "Woestmann, Ulrich"]
[Black "Kersten, Uwe"]
[Result "1/2-1/2"]
[WhiteElo "1987"]
[BlackElo "2170"]
[PlyCount "28"]
[EventDate "2024.11.21"]
[WhiteTeam "SV Ahlen 1954 e. V."]
[BlackTeam "Sfr. Wolfhagen e. V."]

1. e4 c5 2. Nc3 Nc6 3. g3 g6 4. Bg2 Bg7 5. d3 d6 6. f4 e6 7. Nf3 Nge7 8. O-O O-O 9. Be3 Nd4 10. Bf2 Bd7 11. Qd2 Qa5 12. Rad1 Kh8 13. Ne2 Nxf3+ 14. Bxf3 Qxd2 1/2-1/2

[Event "Sparkassen-Open A"]
[Site "Heusenstamm, Martinsee"]
[Date "2024.11.24"]
[Round "7.25"]
[White "Bräutigam, Thomas"]
[Black "Boeren, Jurriaan"]
[Result "0-1"]
[WhiteElo "2010"]
[BlackElo "2159"]
[PlyCount "70"]
[EventDate "2024.11.21"]
[WhiteTeam "SC 1957 Bad Königshofen e.V."]
[BlackTeam "Kennemer Combinatie"]

1. d4 d5 2. Nf3 Nf6 3. g3 e6 4. Bg2 c5 5. O-O Nc6 6. c4 dxc4 7. Qa4 Bd7 8. Qxc4 b5 9. Qd3 c4 10. Qd1 Rc8 11. Bg5 Be7 12. Re1 O-O 13. e4 h6 14. Bf4 Nb4 15. Ne5 Be8 16. a3 Nc6 17. Nxc6 Bxc6 18. Nc3 Ba8 19. Nxb5 Qb6 20. Nd6 Bxd6 21. Bxd6 Rfd8 22. Bc5 Qxb2 23. Qc1 Qb7 24. Rb1 Qc7 25. e5 Bxg2 26. Kxg2 Qc6+ 27. f3 Nd7 28. Be7 Re8 29. Bd6 Nb6 30. Re4 c3 31. Rg4 Kh7 32. Qf4 Nd5 33. Qxf7 Ne3+ 34. Kh3 Nxg4 35. fxg4 c2 0-1

[Event "Sparkassen-Open A"]
[Site "Heusenstamm, Martinsee"]
[Date "2024.11.24"]
[Round "7.26"]
[White "Aravindhan, Achyuth"]
[Black "Vihan, Shourya"]
[Result "1/2-1/2"]
[WhiteElo "2156"]
[BlackElo "2007"]
[PlyCount "42"]
[EventDate "2024.11.21"]
[WhiteTeam "Club Zukertort"]
[BlackTeam "SV 1920 Hofheim"]

1. e4 c5 2. Nf3 e6 3. b3 d5 4. Bb5+ Bd7 5. Bxd7+ Qxd7 6. exd5 Qxd5 7. Nc3 Qd8 8. Bb2 Nc6 9. Qe2 Nf6 10. O-O-O Be7 11. Kb1 O-O 12. Rhg1 Nd4 13. Qd3 Ng4 14. Ne4 f5 15. Nxd4 cxd4 16. Qc4 Qd5 17. Qxd5 exd5 18. Ng3 Nxf2 19. Rdf1 Ne4 20. Nxe4 fxe4 21. Bxd4 b6 1/2-1/2

[Event "Sparkassen-Open A"]
[Site "Heusenstamm, Martinsee"]
[Date "2024.11.24"]
[Round "7.27"]
[White "Hoppe, Thilo"]
[Black "Sreeramulu, Aarush"]
[Result "1/2-1/2"]
[WhiteElo "2127"]
[BlackElo "1942"]
[PlyCount "26"]
[EventDate "2024.11.21"]
[WhiteTeam "SC Bonn Beuel"]
[BlackTeam "SK Marburg 1931/72"]

1. d4 d5 2. c4 c6 3. Nf3 Nf6 4. Nc3 g6 5. cxd5 cxd5 6. Bf4 Bg7 7. e3 a6 8. Bd3 Nc6 9. h3 O-O 10. O-O Nb4 11. Bb1 Nc6 12. a3 b5 13. Bd3 Bf5 1/2-1/2